<?xml version="1.0" encoding="UTF-8"?>
<record
    xmlns:xsi="http://www.w3.org/2001/XMLSchema-instance"
    xsi:schemaLocation="http://www.loc.gov/MARC21/slim http://www.loc.gov/standards/marcxml/schema/MARC21slim.xsd"
    xmlns="http://www.loc.gov/MARC21/slim">

  <leader>02452nam a2200277uu 4500</leader>
  <controlfield tag="001">1456283</controlfield>
  <controlfield tag="005">20260508090726.0</controlfield>
  <controlfield tag="008">161201s2003                        eng  </controlfield>
  <datafield tag="020" ind1=" " ind2=" ">
    <subfield code="a">9780821826232</subfield>
  </datafield>
  <datafield tag="035" ind1=" " ind2=" ">
    <subfield code="a">1456283</subfield>
  </datafield>
  <datafield tag="040" ind1=" " ind2=" ">
    <subfield code="c">comduadb</subfield>
  </datafield>
  <datafield tag="041" ind1=" " ind2=" ">
    <subfield code="a">eng</subfield>
  </datafield>
  <datafield tag="082" ind1=" " ind2="4">
    <subfield code="a">515</subfield>
  </datafield>
  <datafield tag="100" ind1="1" ind2="0">
    <subfield code="a">Jahnke,  Hans Niels</subfield>
    <subfield code="4">edt</subfield>
    <subfield code="e">edt</subfield>
    <subfield code="9">728898</subfield>
  </datafield>
  <datafield tag="245" ind1="1" ind2="2">
    <subfield code="a">A history of analysis</subfield>
  </datafield>
  <datafield tag="260" ind1=" " ind2=" ">
    <subfield code="a">Providence, R. I. :</subfield>
    <subfield code="b">American Mathematical Society,</subfield>
    <subfield code="c">2003.</subfield>
  </datafield>
  <datafield tag="300" ind1=" " ind2=" ">
    <subfield code="a">431 p&#xE1;ginas :</subfield>
    <subfield code="b">ilustraciones</subfield>
  </datafield>
  <datafield tag="490" ind1="0" ind2=" ">
    <subfield code="a">History of mathematics ;</subfield>
    <subfield code="v">24</subfield>
  </datafield>
  <datafield tag="520" ind1="3" ind2=" ">
    <subfield code="a">RESUMEN: El an&#xE1;lisis como sujeto independiente fue creado como parte de la revoluci&#xF3;n cient&#xED;fica en el siglo XVII. Kepler, Galileo, Descartes, Fermat, Huygens, Newton y Leibniz, por nombrar s&#xF3;lo algunos, contribuyeron a su g&#xE9;nesis. Desde finales del siglo XVII, el progreso hist&#xF3;rico del an&#xE1;lisis matem&#xE1;tico ha mostrado una vitalidad y un impulso &#xFA;nicos. Ning&#xFA;n otro campo matem&#xE1;tico ha influido tan profundamente en el desarrollo del pensamiento cient&#xED;fico moderno. Describir este desarrollo hist&#xF3;rico multidimensional requiere una discusi&#xF3;n profunda que incluya una reconstrucci&#xF3;n de las tendencias generales y un examen de los problemas espec&#xED;ficos. Este volumen est&#xE1; dise&#xF1;ado como un trabajo colectivo de autores que son expertos probados en la historia de las matem&#xE1;ticas. Aclara el cambio conceptual que sufri&#xF3; el an&#xE1;lisis durante su desarrollo, al tiempo que aclara la influencia de aplicaciones espec&#xED;ficas y describe la relevancia de los antecedentes biogr&#xE1;ficos y filos&#xF3;ficos. Los primeros diez cap&#xED;tulos del libro describen el desarrollo cronol&#xF3;gico y los &#xFA;ltimos tres cap&#xED;tulos estudian la historia de las ecuaciones diferenciales, el c&#xE1;lculo de las variaciones y el an&#xE1;lisis funcional. Las caracter&#xED;sticas especiales son un cap&#xED;tulo separado sobre el desarrollo de la teor&#xED;a de funciones complejas en el siglo XIX y dos cap&#xED;tulos sobre la influencia de la f&#xED;sica en el an&#xE1;lisis. Uno se refiere a los or&#xED;genes de la mec&#xE1;nica anal&#xED;tica, y uno trata el desarrollo de los problemas de valor l&#xED;mite de la f&#xED;sica matem&#xE1;tica (especialmente la teor&#xED;a potencial) en el siglo XIX.</subfield>
  </datafield>
  <datafield tag="650" ind1=" " ind2="7">
    <subfield code="a">An&#xE1;lisis matem&#xE1;tico</subfield>
    <subfield code="2">lemb</subfield>
    <subfield code="9">1080</subfield>
  </datafield>
  <datafield tag="650" ind1=" " ind2="7">
    <subfield code="a">Matem&#xE1;ticas</subfield>
    <subfield code="x">Historia</subfield>
    <subfield code="2">lemb</subfield>
    <subfield code="9">179581</subfield>
  </datafield>
  <datafield tag="650" ind1=" " ind2="7">
    <subfield code="a">Ecuaciones diferenciales</subfield>
    <subfield code="2">lemb</subfield>
    <subfield code="9">4620</subfield>
  </datafield>
  <datafield tag="650" ind1=" " ind2="7">
    <subfield code="a">An&#xE1;lisis funcional</subfield>
    <subfield code="2">lemb</subfield>
    <subfield code="9">32359</subfield>
  </datafield>
  <datafield tag="650" ind1=" " ind2=" ">
    <subfield code="a">Funciones complejas</subfield>
    <subfield code="9">58839</subfield>
  </datafield>
  <datafield tag="942" ind1=" " ind2=" ">
    <subfield code="c">BOOK</subfield>
  </datafield>
  <datafield tag="999" ind1=" " ind2=" ">
    <subfield code="c">744555</subfield>
    <subfield code="d">744555</subfield>
  </datafield>
  <datafield tag="952" ind1=" " ind2=" ">
    <subfield code="0">0</subfield>
    <subfield code="1">0</subfield>
    <subfield code="4">0</subfield>
    <subfield code="7">0</subfield>
    <subfield code="8">GEN</subfield>
    <subfield code="a">BC</subfield>
    <subfield code="b">BC</subfield>
    <subfield code="d">2016-12-01</subfield>
    <subfield code="e">Amazon.Com</subfield>
    <subfield code="g">300330.00</subfield>
    <subfield code="i">C1255620</subfield>
    <subfield code="l">0</subfield>
    <subfield code="o">515 H249</subfield>
    <subfield code="p">1022754</subfield>
    <subfield code="r">2025-11-21 13:27:57</subfield>
    <subfield code="t">1</subfield>
    <subfield code="w">2023-05-03</subfield>
    <subfield code="y">BOOK</subfield>
  </datafield>
</record>
